Galéria na povrázku

Bibliographic Details
Format: Article
Language:Slovak
PhysicalDescription:Fotogr.
ISSN:1335-4566
Subjects:

MARC

LEADER 00000nab a2200000 a 4500
001 vtls010347635
003 SK-MaSNL
005 20260303093344.0
008 120315c20110808xo drz 0 0slo
038 |a KEVKJB 
040 |a KEVKJB  |b slo  |c KEVKJB  |e AACR2 
041 0 |a slo 
044 |a xo  |c SK 
080 |a 77:069  |2 2001 
245 0 0 |a Galéria na povrázku  |c [autor] (nit) 
300 |b Fotogr. 
610 2 7 |a Galéria na povrázku (Košice, Slovensko)  |2 kevkjb  |9 1104410 
610 2 7 |a Spolok na podporu skrášľovania Košíc (Košice, Slovensko)  |x aktivity  |2 snkbucl  |9 1047886 
651 7 |a Košice (Slovensko)  |2 kevkjb  |9 18694 
773 0 |t Košický Korzár  |g Roč. XIV., č. 183 (8.8.2011), s. 3  |x 1335-4566 
852 |a KEVKJB  |b KIS3GCP 
999 |c 1815239  |d 1817169